Statistiques concernant Sondage: Quel âge avez-vous ?

Cliquez ici pour prendre le quiz!

Statistiques générales

  • Ce quiz a été pris 628 fois
    (234 depuis la dernière actualisation)
  • Le résultat moyen est 2 sur 8

Statistiques - réponses

AnswersYour answer% Correct
C- 15 a 20C- 15 a 20
49%
D- 20 a 25D- 20 a 25
46%
E- 25 a 30E- 25 a 30
22%
A- 0 a 10A- 0 a 10
19%
B- 10 a 15B- 10 a 15
18%
F- 30 a 35F- 30 a 35
18%
H- +40 et plusH- +40 et plus
17%
G- 35 a 40G- 35 a 40
15%

Distribution des résultats

Percentile par nombre de réponses

% des personnes avec chaque résultat

Votre développement - résultats

Vous n’avez pas pris ce quiz depuis la dernière actualisation